[Event "FIDE Chesscom Grand Swiss 2021"]
[Site "Riga"]
[Date "2021.10.31"]
[Round "5.19"]
[White "Kryvoruchko, Yuriy"]
[Black "Chigaev, Maksim"]
[Result "1/2-1/2"]
[WhiteElo "2686"]
[BlackElo "2639"]
[Annotator "TA"]
[PlyCount "94"]
[EventDate "2021.10.27"]
[EventType "swiss"]
[EventCountry "LAT"]
[Tiebreak "Cut1 Buchholz+Sonneborn-Berger (Swiss)"]
[SourceTitle "playchess.com"]
[Source "ChessBase"]
[SourceQuality "1"]

{[%evp 14,94,8,0,8,11,8,0,0,0,11,0,7,0,1,0,0,0,-7,0,0,-8,0,0,0,-19,49,-4,0,-12,
-6,-7,-2,-7,43,41,43,33,35,30,43,43,42,43,45,37,38,33,22,27,41,11,11,11,12,11,
11,12,12,12,12,12,13,4,11,6,37,27,30,0,0,0,8,8,8,8,0,0,0,0,0,0,0]} 1. e4 c5 2.
Nf3 d6 3. d4 cxd4 4. Nxd4 Nf6 5. Nc3 a6 6. Bd3 e5 7. Nde2 Be7 8. O-O Be6 {
B90: Sicilian Najdorf: Unusual White 6th moves, 6 Be3 Ng4 and 6 Be3 e5.} 9. f4
exf4 10. Nxf4 Nc6 11. Be3 Ne5 12. a4 O-O 13. Bd4 Rc8 {[#]} 14. h3 $146 ({
Predecessor:} 14. Qd2 Re8 15. Ncd5 Bxd5 16. exd5 Nfd7 17. Bf5 Bg5 18. Rae1 g6
19. Bh3 Rc7 20. Qf2 {0-1 (52) Abdusattorov,N (2608)-Dominguez Perez,L (2763)
chess24.com INT 2020}) 14... Re8 15. Kh1 Nfd7 16. Ncd5 Bg5 17. a5 Nc6 18. Bc3
Nce5 19. Qe2 Nf6 (19... Bxf4 $11 20. Nxf4 Nc5) 20. Qf2 (20. Bxe5 $14 dxe5 21.
Nxe6 fxe6 22. Nb6) 20... Bxd5 $11 21. Nxd5 Nxd5 22. exd5 {[#] And now Bxe5
would win.} Rc7 {[%cal Bc8c7,Bc7e7,Be7e4][%mdl 32]} 23. Bd4 Rce7 24. Qf5 Nxd3
25. Qxg5 {[%csl Gd4][%cal Rg5g7]} Ne5 26. c4 f6 27. Qg3 Ng6 28. Rae1 Re4 29.
Bc3 Rxc4 30. Rxe8+ Qxe8 31. Qxd6 Re4 32. Qc7 {[#] aiming for d6.} Re7 33. Qc5
Qb5 34. Qxb5 axb5 {[%mdl 4096] Endgame KRB-KRN} 35. d6 Rd7 36. Rf5 Rxd6 37.
Rxb5 Rd7 38. b4 Kf7 39. Rc5 Ke6 40. b5 Rd5 41. Rc7 Rxb5 {The position is equal.
} 42. Rxg7 Rc5 43. Bd4 Rd5 44. Bb6 Rd7 45. Rg8 f5 46. Kh2 f4 47. Kg1 Ke5 {
Weighted Error Value: White=0.06/Black=0.06} 1/2-1/2

[Event "FIDE Chesscom Grand Swiss 2021"]
[Site "Riga"]
[Date "2021.10.31"]
[Round "5.20"]
[White "Moussard, Jules"]
[Black "Predke, Alexandr"]
[Result "0-1"]
[WhiteElo "2632"]
[BlackElo "2666"]
[Annotator "TA"]
[PlyCount "114"]
[EventDate "2021.10.27"]
[EventType "swiss"]
[EventCountry "LAT"]
[Tiebreak "Cut1 Buchholz+Sonneborn-Berger (Swiss)"]
[SourceTitle "playchess.com"]
[Source "ChessBase"]
[SourceQuality "1"]

{[%evp 11,114,12,20,20,15,10,18,2,8,14,10,5,7,2,6,-13,-13,0,-2,-7,0,-66,-59,
-62,-56,-60,-56,-178,-170,-188,-177,-185,-178,-188,-186,-179,-183,-181,-184,
-181,-189,-259,-21,-23,-16,-33,-23,-62,-72,-163,-155,-161,-163,-178,-158,-214,
-188,-217,-221,-216,-199,-208,-209,-219,-207,-235,-235,-235,-235,-235,-235,
-345,-345,-370,-370,-370,-370,-370,-370,-370,-363,-363,-362,-355,-345,-344,
-337,-329,-322,-322,-335,-545,-547,-544,-509,-502,-470,-623,-493,-442,-409,
-739,-602,-506,-500]} 1. e4 e5 2. Nf3 Nc6 3. Bc4 Bc5 4. d3 Nf6 5. O-O d6 6. c3
h6 7. b4 {C54: Giuoco Piano: 4 c3 Nf6, main lines with 5 d4 and 5 d3.} Bb6 8.
Nbd2 {seems to push 8.a4 aside.} O-O 9. Re1 {The position is equal.} Ng4 $5 {
[%mdl 4] An interesting side line.} 10. Re2 {[#]} Ne7 $146 ({Predecessor:} 
10... Bxf2+ 11. Rxf2 Nxf2 12. Kxf2 Qf6 13. Kg1 Qg6 14. Nf1 Kh8 15. Ne3 Ne7 16.
Nh4 Qh7 {1-0 (40) Szilagyi,Z-Salvador,E St Lorenzo 1995}) 11. Bb3 c6 12. d4 Ng6
13. Nc4 Bc7 14. dxe5 dxe5 15. Rd2 Qe7 16. b5 (16. Nd6 $11) 16... cxb5 $15 17.
Ba3 Qf6 18. Nd6 Bb6 19. Qf1 ({White should try} 19. Rb1 $15) 19... Qf4 $1 $19
20. h3 {[#]} (20. Nxb5 $2 Nh4 $1 $19 {[%mdl 512]}) 20... Nh2 {[%mdl 512]} 21.
Nxh2 {Strongly threatening Rad1.} Qxd2 22. Rd1 Qf4 (22... Qxc3 23. Nxb5 Qc6 24.
Bxf8 $17) 23. Nxb5 Rd8 (23... Qxe4 24. Bxf8 Kxf8 25. Nd6 $14) 24. Rxd8+ Bxd8
25. Nd6 Be6 26. g3 (26. Ng4 $142 Bxg4 27. hxg4) 26... Qg5 $2 (26... Qd2 $19 27.
Bxe6 fxe6) 27. Nxf7 $1 $11 Bxf7 28. Bxf7+ Kh7 (28... Kxf7 $2 29. Qc4+ Ke8 30.
Qb5+ Kf7 31. Qxb7+ Kg8 32. Nf3 $18) 29. Qd1 Bb6 {aiming for ...Qxg3+.} 30. Qg4
{Black continues to play with concentration.} (30. Ng4 $17) 30... Qxg4 $19 31.
Nxg4 Rc8 32. c4 Bc5 33. Bc1 (33. Be6 $17 Rc6 34. Bxc5) 33... Rc6 34. Be3 Bxe3
35. Nxe3 {[%mdl 4096] Endgame KRN-KBN} Ra6 36. c5 Rc6 37. Bd5 Rc7 ({Don't play
} 37... Rxc5 38. Bxb7 Ne7 39. Ba6 $17) 38. Nf5 {[#]} Ne7 $1 ({Much less strong
is} 38... Rxc5 39. Bxb7 Rc7 40. Ba6 $17) 39. Nxe7 Rxe7 {KR-KB} 40. Kg2 Rc7 41.
h4 (41. Kf3 $142) 41... Kg6 ({Not} 41... Rxc5 42. Bxb7 Rc2 43. Bd5 $17) 42. Kf3
Kf6 43. Ke3 Rxc5 44. Bxb7 Rc3+ 45. Kd2 Ra3 46. Bd5 a5 47. Ke2 Ke7 48. Kf1 Kd6
49. Kg2 Kc5 50. h5 Kd4 51. Kh3 $2 (51. Kf1) 51... Rf3 52. Kg2 Rf8 53. Kf1 Kd3
54. Bc6 Rb8 55. Bd5 {and the idea Kg2 leaves White hopeful.} Rb2 56. a4 (56. g4
$142) 56... Rb4 57. Bc6 Kd4 {Weighted Error Value: White=0.31/Black=0.09} 0-1

[Event "FIDE Chesscom Grand Swiss 2021"]
[Site "Riga"]
[Date "2021.10.31"]
[Round "5.21"]
[White "Sargissian, Gabriel"]
[Black "Indjic, Aleksandar"]
[Result "1-0"]
[WhiteElo "2664"]
[BlackElo "2612"]
[Annotator "TA"]
[PlyCount "81"]
[EventDate "2021.10.27"]
[EventType "swiss"]
[EventCountry "LAT"]
[Tiebreak "Cut1 Buchholz+Sonneborn-Berger (Swiss)"]
[SourceTitle "playchess.com"]
[Source "ChessBase"]
[SourceQuality "1"]

{[%evp 16,81,53,0,16,35,33,31,29,16,44,21,41,0,0,0,20,15,16,15,16,23,23,8,20,8,
8,12,12,14,28,12,23,23,14,7,122,64,215,218,224,217,224,217,225,229,212,207,226,
214,216,210,216,212,221,217,592,578,951,996,977,973,987,962,1125,1085,1125,
1045]} 1. d4 Nf6 2. c4 e6 3. Nf3 c5 4. d5 d6 5. Nc3 exd5 6. cxd5 g6 7. h3 Bg7
8. e4 O-O 9. Be3 (9. Bd3 $14) 9... b5 {A70: Modern Benoni: 6 e4 g6 7 Nf3.} 10.
e5 dxe5 11. Bxb5 e4 {White is slightly better.} 12. Ne5 (12. Bxc5 exf3 13. Qxf3
a6 $15) 12... Nh5 13. Nc6 Nxc6 14. dxc6 {Hoping for Qxd8.} Qa5 15. a4 a6 16.
Be2 Nf6 17. O-O Be6 18. Qd6 Rfd8 19. Qxc5 Qxc5 20. Bxc5 Rdc8 21. a5 Rxc6 {[#]}
22. Be3 $5 $146 {[%mdl 8] An interesting novelty.} ({Predecessor:} 22. Bd4 Rb8
23. Rfb1 Bc4 24. b4 Bxe2 25. Nxe2 Nd5 26. b5 axb5 27. a6 Nf4 28. Bxg7 Nxe2+ {
1/2-1/2 (101) Bluebaum,M (2674)-Shevchenko,K (2619) Polanica Zdroj 2021}) 22...
Rb8 23. Rfd1 h5 (23... Rxb2 24. Rd8+ Bf8 {[#]} 25. Bh6 $1 $18) 24. Rd2 Kh7 25.
Ra4 Bb3 (25... Bf8 $11 {remains equal.}) 26. Rad4 $16 Rc5 $2 {[#] This move
loses the game for Black.} ({Better is} 26... Ne8 $14) 27. Rb4 $3 $18 {[%cal
Rb4b8][%mdl 576] Discovered Attack} Rxb4 28. Bxc5 Rb8 29. Bb6 ({Don't play} 29.
Bxa6 $6 Ra8 $16) 29... Be6 30. Bxa6 Nd7 31. Be3 ({Less strong is} 31. Nxe4 Nxb6
32. Ng5+ (32. axb6 Rxb6 {[%mdl 64] Double Attack} 33. Ng5+ Kh6 $14) 32... Kh6
$14) 31... Bxc3 32. bxc3 Rb1+ 33. Kh2 Ne5 34. Be2 {And now a6 would win.} Ra1
35. a6 {Rd8 is the strong threat.} h4 $2 (35... Bc4 36. a7 Bd3) 36. Rd8 {
White is clearly winning.} Bc4 37. Bxc4 Nxc4 38. Bd4 {[%csl Gd4][%cal Rd8h8]}
g5 39. a7 Nd2 40. a8=Q Nf1+ 41. Kg1 {Weighted Error Value: White=0.05/Black=0.
36} 1-0

[Event "FIDE Chesscom Grand Swiss 2021"]
[Site "Riga"]
[Date "2021.10.31"]
[Round "5.22"]
[White "Ponomariov, Ruslan"]
[Black "Sjugirov, Sanan"]
[Result "1/2-1/2"]
[WhiteElo "2631"]
[BlackElo "2663"]
[Annotator "TA"]
[PlyCount "97"]
[EventDate "2021.10.27"]
[EventType "swiss"]
[EventCountry "LAT"]
[Tiebreak "Cut1 Buchholz+Sonneborn-Berger (Swiss)"]
[SourceTitle "playchess.com"]
[Source "ChessBase"]
[SourceQuality "1"]

{[%evp 10,97,6,0,22,16,23,16,22,18,28,14,18,2,14,23,22,0,0,0,0,0,9,-11,-4,-25,
-8,-31,-20,-47,0,0,-16,-44,22,22,22,22,22,22,37,22,22,33,28,0,0,0,0,0,14,13,14,
14,16,14,14,13,14,14,14,11,8,8,9,7,15,0,8,16,12,3,1,4,4,0,2,0,0,0,0,0,0,0,0,0,
0,0,0,0]} 1. e4 c6 2. d4 d5 3. e5 Bf5 4. c4 e6 5. Nc3 Ne7 6. a3 dxc4 {B12:
Caro-Kann: Advance Variation.} 7. Bxc4 Nd7 8. Nge2 Nb6 9. Bb3 {9.Bb3 has
become a bit dusty these days.} h6 10. O-O Qd7 {[#]} 11. Be3 $146 ({
Predecessor:} 11. a4 a5 12. Bc2 Bxc2 13. Qxc2 Nf5 14. Qe4 Be7 15. Bf4 g5 16.
Be3 h5 17. Rfd1 {1/2-1/2 (45) Nevednichy,V (2540)-Lenic,L (2641) Hungary 2012})
11... Ned5 12. Ng3 Bg6 13. h4 Be7 14. h5 Bh7 15. Qg4 g5 16. Nce4 O-O-O 17. Rac1
Kb8 18. Rfd1 Rhf8 19. Qe2 f5 20. exf6 $1 Bxf6 21. Bc2 {[#] aiming for Nc5.} Be7
(21... Qf7 $15) 22. Nc5 $1 $11 {[%cal Rc5d7]} Bxc5 23. dxc5 Bxc2 24. Qxc2 Nxe3
25. Rxd7 Nxc2 26. Rxd8+ Rxd8 27. Rxc2 {[%mdl 4096] Endgame KRN-KRN} Rd1+ {
The position is equal.} 28. Kh2 Nd5 29. Ne4 Re1 30. Nd6 Kc7 31. Nf7 Nf6 32.
Nxh6 Nxh5 33. f3 Nf6 34. Kg3 Re5 35. Ng4 Nh5+ 36. Kf2 Rd5 37. g3 b6 38. Ne3 Rd3
39. cxb6+ axb6 40. Nc4 Rd5 41. a4 Nf6 42. Re2 b5 43. axb5 (43. Rxe6 {is
interesting.} Ng4+ 44. fxg4 bxc4 45. Re4 Kd6 46. Rxc4 Rd2+ 47. Kf3) 43... cxb5
44. Rxe6 {[#] Hoping for Nb6.} (44. Na5 {seems wilder.} Kd6 45. Nb7+ Ke7 46. b4
Nd7 47. Rc2) 44... Ng4+ 45. fxg4 bxc4 46. Ke3 Rb5 47. Kd4 Rxb2 48. Kxc4 Rg2 49.
Rg6 {Weighted Error Value: White=0.05/Black=0.07} 1/2-1/2

[Event "FIDE Chesscom Grand Swiss 2021"]
[Site "Riga"]
[Date "2021.10.31"]
[Round "5.23"]
[White "Grandelius, Nils"]
[Black "Dreev, Aleksey"]
[Result "1/2-1/2"]
[WhiteElo "2662"]
[BlackElo "2635"]
[Annotator "TA"]
[PlyCount "60"]
[EventDate "2021.10.27"]
[EventType "swiss"]
[EventCountry "LAT"]
[Tiebreak "Cut1 Buchholz+Sonneborn-Berger (Swiss)"]
[SourceTitle "playchess.com"]
[Source "ChessBase"]
[SourceQuality "1"]

{[%evp 10,60,38,10,13,0,55,39,50,29,43,8,11,7,2,0,12,0,31,23,39,30,33,11,16,12,
12,-12,7,0,25,16,59,60,39,27,37,35,68,35,35,17,21,0,0,0,0,0,0,0,0,0,0]} 1. e4
c6 2. d4 d5 3. Nc3 dxe4 4. Nxe4 Nf6 5. Nxf6+ exf6 6. Be3 Qb6 {B15: Caro-Kann:
3 Nc3: 3...g6 and 3...dxe4 4 Nxe4 Nf6 5 Nxf6+ exf6.} 7. Qe2 Be6 (7... Bd6 $11)
8. c3 $14 {[#] Strongly threatening d5!} Qc7 {[#] White is slightly better.} 9.
Nf3 $146 (9. Qc2 {keeps more tension.} Nd7 10. Bd3 O-O-O 11. Ne2 c5 12. O-O) ({
Predecessor:} 9. Qc2 Nd7 10. Bd3 Nb6 11. Ne2 Nd5 12. a3 Bd6 13. g3 Nxe3 14.
fxe3 g6 15. c4 {0-1 (51) Trzeciakiewicz,M (1549)-Lewandrowski,T (1788)
Polanica Zdroj 2012}) 9... Bd6 10. g3 Nd7 11. Bg2 O-O 12. O-O Rfe8 13. c4 f5
14. Ng5 {Threatens to win with d5.} f4 {[#]} 15. Qc2 $1 Nf8 16. Bd2 Qd7 17.
Rfe1 ({Much worse is} 17. gxf4 Bf5 $17) 17... Bf5 18. Qc3 (18. Qb3 {keeps more
tension.} fxg3 19. hxg3 Ne6 20. Nxe6 Bxe6 21. Re3) 18... fxg3 19. hxg3 Rxe1+ (
19... Be7 {feels hotter.} 20. Nf3 Rad8 21. Qb3 Ng6 22. Bb4 Bf6) 20. Rxe1 Re8
21. Rxe8 Qxe8 22. Qe3 Qxe3 23. Bxe3 Nd7 24. Ne4 Be7 25. Bf4 (25. Kf1 {with
more complications.} h6 26. Ke2 Kf8 27. Bf4 Ke8 28. Nd6+) 25... Nf6 {The
position is equal.} 26. Nd6 (26. f3 {is interesting.} b5 27. cxb5 cxb5 28. Bb8
a5 29. Nc5) 26... Bxd6 27. Bxd6 Bd3 28. c5 Bc4 29. a3 Bd5 30. Bh3 Be6 {
Weighted Error Value: White=0.10/Black=0.10} 1/2-1/2

[Event "FIDE Chesscom Grand Swiss 2021"]
[Site "Riga"]
[Date "2021.10.31"]
[Round "5.24"]
[White "Kovalev, Vladislav"]
[Black "Maghsoodloo, Parham"]
[Result "0-1"]
[WhiteElo "2634"]
[BlackElo "2701"]
[Annotator "TA"]
[PlyCount "96"]
[EventDate "2021.10.27"]
[EventType "swiss"]
[EventCountry "LAT"]
[Tiebreak "Cut1 Buchholz+Sonneborn-Berger (Swiss)"]
[SourceTitle "playchess.com"]
[Source "ChessBase"]
[SourceQuality "1"]

{[%evp 19,96,13,58,8,29,42,66,74,97,63,63,1,15,10,37,12,26,25,45,23,50,44,47,
11,82,60,69,0,0,0,0,0,-9,-10,0,0,0,0,0,-8,0,-163,0,-306,-298,-288,-291,-920,
-915,-919,-901,-948,-942,-960,-943,-953,-953,-949,-941,-936,-902,-815,-738,
-716,-709,-814,-724,-808,-774,-809,-800,-783,-750,-29963,-29965,-29965,-29966,
-29964,-29965]} 1. e4 c5 2. Nf3 Nc6 3. Nc3 d6 4. d4 cxd4 5. Nxd4 Nf6 6. Bg5 e6
7. Qd2 a6 8. O-O-O Bd7 9. f4 Be7 10. Be2 Rc8 11. Bf3 {B68: Sicilian:
Richter-Rauzer: 7...a6 8 0-0-0 Bd7 9 f4 Be7 .} O-O 12. Nb3 Ne8 13. Bxe7 {
[#] White is slightly better.} Nxe7 $146 ({Predecessor:} 13... Qxe7 14. g4 b5
15. e5 b4 16. Na4 d5 17. Nbc5 Nc7 18. Nxd7 Qxd7 19. Nb6 Qe7 20. Nxc8 Rxc8 {
1-0 (41) Eckert,F-Schwerdt,R Germany 1996}) 14. e5 d5 15. g4 (15. h4 $14) 15...
b5 $11 16. Nd4 Qc7 17. g5 b4 18. Nce2 Qc4 19. Kb1 Nc7 20. h4 Nb5 21. Nxb5 Bxb5
(21... Qxb5 $11 22. h5 Qa4) 22. Nd4 $16 Nc6 {White must now prevent ...Nxd4.}
23. Nxc6 ({Better is} 23. Nb3 $1 $14) 23... Rxc6 $11 24. f5 a5 25. Rh2 $1 a4 ({
But not} 25... exf5 $2 26. Bxd5 Qg4 27. Bxc6 $18) 26. Qe3 b3 (26... exf5 $6 27.
Bxd5 Qc5 28. Qf2 $16) 27. axb3 axb3 28. Qxb3 ({Much worse is} 28. cxb3 Qb4 $17)
28... Qc5 29. Qa3 Qb6 30. f6 $2 {[#] Black converts the advantage convincingly.
} (30. g6 $11 {and White stays safe.} Rcc8 31. Qd6 Qxd6 32. exd6 (32. gxh7+
Kxh7 33. exd6 Rcd8 $11)) 30... Qc7 $2 (30... Qb7 $1 $19 31. Qe3 Ra8) 31. fxg7
$4 {[%mdl 8192]} (31. g6 $11 {and White has nothing to worry.} hxg6 32. Qe7)
31... Rc8 $19 32. Bh5 Rxc2 33. Rxc2 (33. Qf8+ Rxf8 34. gxf8=Q+ Kxf8 35. Rxc2
Qxe5 36. Rdd2) 33... Qxc2+ 34. Ka1 Bc6 35. Rf1 Ra8 36. Qxa8+ Bxa8 37. Bxf7+
Kxg7 {Strongly threatening ...Qa4+.} 38. Bxe6 Qc5 39. Rf7+ Kh8 40. Rd7 Qb6 41.
Rd6 Bc6 42. h5 Qa7+ 43. Kb1 Be8 44. Bxd5 Qg1+ 45. Ka2 Qxg5 46. h6 Qxe5 {
Black mates.} 47. Rd8 {[#]} Qxd5+ $3 {[%mdl 576] Remove Defender} 48. Rxd5 Bf7
{Weighted Error Value: White=0.48/Black=0.16} 0-1

[Event "FIDE Chesscom Grand Swiss 2021"]
[Site "Riga"]
[Date "2021.10.31"]
[Round "5.25"]
[White "Xiong, Jeffery"]
[Black "Abasov, Nijat"]
[Result "1-0"]
[WhiteElo "2700"]
[BlackElo "2638"]
[Annotator "TA"]
[PlyCount "57"]
[EventDate "2021.10.27"]
[EventType "swiss"]
[EventCountry "LAT"]
[Tiebreak "Cut1 Buchholz+Sonneborn-Berger (Swiss)"]
[SourceTitle "playchess.com"]
[Source "ChessBase"]
[SourceQuality "1"]

{[%evp 9,57,11,25,20,23,27,26,28,20,22,81,90,66,75,91,85,125,110,125,125,124,
126,127,121,156,134,135,129,133,131,135,117,129,122,131,133,181,152,152,152,
152,152,213,212,211,206,246,239,306,306]} 1. d4 d5 2. Nf3 Nf6 3. Bf4 Bf5 4. c4
e6 5. Qb3 Nbd7 6. e3 {D02: 1 d4 d5 2 Nf3 sidelines, including 2...Nf6 3 g3 and
2...Nf6 3 Bf4.} Bd6 7. Bxd6 cxd6 {[#]} 8. Nc3 $146 {[%cal Rc4d5] White has an
edge.} ({Predecessor:} 8. cxd5 Qa5+ 9. Nbd2 exd5 10. Bb5 O-O 11. O-O Nb6 12. a4
Ne4 13. Rfd1 a6 14. Bd3 {1-0 (43) Urh,Z (2216)-Batagan,I (1846) Iasi 2021})
8... Qa5 9. Nd2 ({Wrong is} 9. Qxb7 $2 Rb8 $19) 9... Rc8 (9... O-O $11) 10.
cxd5 $16 ({Avoid the trap} 10. Qxb7 $2 Rb8 $19) 10... exd5 11. Be2 O-O 12. O-O
({Don't play} 12. Qxb7 $6 Rxc3 13. bxc3 Qxc3 $11) 12... Nb6 13. a4 $1 a6 14.
Qa3 $1 {aiming for b4.} Nc4 15. Nxc4 dxc4 16. Qxd6 Rc6 17. Qe5 Qxe5 18. dxe5
Ne4 19. Nd5 {Black must now prevent Ne7+.} Re8 20. Rfd1 {Threatens to win with
Ne7+!} Kf8 21. f3 $36 {[%mdl 2048] White is in control.} Nc5 22. e4 Bg6 23. a5
Rxe5 24. Nb6 c3 25. bxc3 f5 (25... Rc7 $16 {is a better defense.} 26. Rd8+ Re8)
26. f4 $1 $18 {[%cal Rf4e5]} Re8 27. e5 Nb3 {[#]} 28. Ra3 {[%cal Ra3b3]} Rxc3 {
[#]} 29. Bf3 $1 {Black got outplayed after the opening.  Weighted Error Value:
White=0.03/Black=0.19} 1-0

[Event "FIDE Chesscom Grand Swiss 2021"]
[Site "Riga"]
[Date "2021.10.31"]
[Round "5.26"]
[White "Svidler, Peter"]
[Black "Kuzubov, Yuriy"]
[Result "0-1"]
[WhiteElo "2694"]
[BlackElo "2624"]
[Annotator "TA"]
[PlyCount "162"]
[EventDate "2021.10.27"]
[EventType "swiss"]
[EventCountry "LAT"]
[Tiebreak "Cut1 Buchholz+Sonneborn-Berger (Swiss)"]
[SourceTitle "playchess.com"]
[Source "ChessBase"]
[SourceQuality "1"]

{[%evp 9,162,6,16,16,25,20,18,-3,-6,-20,-34,-38,-48,-83,-92,-98,-90,-89,-64,
-86,-51,-93,-83,-99,-94,-100,-102,-96,-94,-93,-93,-107,-90,-100,-100,-102,-119,
-122,-126,-130,-127,-127,-110,-179,-189,-176,-176,-218,-203,-352,-358,-370,
-218,-193,-156,-154,-154,-152,-132,-131,-125,-121,-130,-115,-126,-126,-112,
-112,-16,-14,-22,-72,-79,-79,-39,-74,-56,-21,-19,-101,-22,-29,-29,-93,-64,-189,
-189,-187,-174,-188,-182,-182,-172,-250,-247,-241,-243,-241,-241,-245,-245,
-243,-243,-228,-187,-227,-184,-193,-208,-210,-214,-211,-208,-200,-188,-193,
-193,-185,-184,-177,-177,-268,-237,-189,0,-213,0,-102,-21,-105,-105,-116,-101,
-152,-61,-68,-68,-86,-89,-241,-241,-241,-241,-487,-435,-29968,-29970,-29967,
-29971,-29976,-29977,-29980,-29981,-29981,-29981]} 1. e4 e5 2. Bc4 Nf6 3. d3 c6
4. Nf3 d5 5. Bb3 Bb4+ 6. Bd2 {C24: Bishop's Opening: 2...Nf6.} Bxd2+ 7. Qxd2 {
now scores much better than the old 7.Nbxd2.} a5 8. a3 {[#] The position is
equal.} (8. Nxe5 $2 a4 $19) 8... O-O $146 ({Predecessor:} 8... Qd6 9. Qg5 O-O
10. Qxe5 Qxe5 11. Nxe5 dxe4 12. d4 Nbd7 13. Nc3 Nxe5 14. dxe5 Ng4 15. Nxe4 Nxe5
{1-0 (34) Svidler,P (2723)-Navara,D (2719) chess24.com INT 2020}) 9. Nc3 Re8
10. O-O Bg4 11. Ng5 h6 12. f3 Bc8 13. Nh3 Bxh3 14. gxh3 Nbd7 15. Qf2 {[%cal
Re4d5]} Nf8 16. f4 exf4 17. Qxf4 Ne6 18. Qf2 a4 19. Ba2 dxe4 $1 20. Nxe4 Nxe4
21. dxe4 Qe7 22. Kh1 Ra5 23. Rae1 Re5 24. c3 Rf8 25. Rg1 Kh8 26. Bb1 (26. Qg2
$17 {is a better defense.}) 26... Ng5 $19 27. Qg3 f6 28. Re2 f5 29. Reg2 (29.
Ree1 {was called for.} Nxe4 30. Qf4) 29... fxe4 30. h4 {[#]} Nf3 (30... Rf3
$142 $1 31. Qg4 Nh3 32. Qc8+ Qf8 33. Qxf8+ Rxf8) 31. Rf1 Rf6 {Threatens to win
with ...e3.} 32. Bxe4 Rxe4 33. Rxf3 Re1+ 34. Rg1 Re2 35. Rxf6 Qxf6 $17 {
[%mdl 4096] Endgame KQR-KQR} 36. Rg2 Qf1+ 37. Rg1 {[%csl Gg1][%cal Rg3g7]} Qf7
{Strongly threatening ...Rd2.} 38. Rg2 Qe7 (38... Re4 $17 39. Rf2 Qd5) 39. Rxe2
$11 Qxe2 {KQ-KQ} 40. Qb8+ Kh7 {[%cal Re2f1]} 41. Qf4 Qc2 $1 (41... Qxb2 42.
Qe4+ Kg8 43. Qe8+ Kh7 44. Qe4+ g6 45. Qe7+ Kh8 46. Qe8+ Kh7 47. Qf7+ Kh8 48.
Qe8+ Kh7 49. Qf7+ Kh8 50. Qe8+ $11) 42. Qb4 b5 43. Kg1 Qe2 44. h3 (44. Qf4 $11)
44... Kg6 (44... Qc2 $1 $17) 45. Qc5 Qe4 46. Kh2 (46. Qf2 $11) 46... Kf7 $1 $17
47. Qd6 ({White should play} 47. Qa7+ $1 $15 Kf6 48. Qd7) 47... Qxh4 $19 48.
Qd7+ Qe7 49. Qxc6 Qe5+ 50. Kg2 Qe2+ 51. Kg3 (51. Kg1 $142) 51... Qd3+ (51...
Qxb2 52. Qd5+ Kg6 53. Qe4+ Kf7 54. Qd5+ Kf8 55. Qd8+ Kf7 56. Qd5+ $11) 52. Kh2
Qc2+ $1 53. Kh1 Qb1+ (53... Qxb2 54. Qd5+ Kf8 55. Qd8+ Kf7 56. Qd5+ Kg6 57.
Qe4+ Kg5 58. Qg4+ Kf6 59. Qf3+ Ke6 60. Qe4+ Kd7 61. Qb7+ Kd8 62. Qb8+ Ke7 63.
Qb7+ Kf8 64. Qf3+ Kg8 65. Qa8+ Kf7 66. Qd5+ $11) 54. Kh2 Qxb2+ {[%mdl 64]
Double Attack} 55. Kg3 Qe2 $1 (55... Qxa3 56. Qd5+ Kf6 57. Qd4+ Kf7 58. Qd5+
Kf6 59. Qd4+ Ke6 60. Qe3+ Kf7 61. Qf3+ Ke7 62. Qe3+ Kf8 63. Qf3+ Ke7 64. Qe3+
Kf8 65. Qf3+ Ke7 $17) 56. Qd7+ Kg6 57. Qc6+ Kh7 58. Qd5 Qe3+ 59. Kg4 Qg1+ ({
Much less strong is} 59... Qxc3 60. Qxb5 Qd4+ 61. Kf3) 60. Kf4 Qf1+ $1 61. Kg3
{intending Qe4+.} Qc4 62. Qf5+ Kg8 63. Qe5 Qd3+ 64. Kf2 Kf7 ({Not} 64... Qxh3
65. Qe8+ Kh7 66. Qe4+ g6 67. Qe7+ Kg8 68. Qe8+ Kh7 69. Qf7+ Kh8 70. Qf8+ Kh7
71. Qf7+ Kh8 72. Qf8+ Kh7 73. Qf7+ $11) 65. h4 (65. Kg1 $142) 65... Qc4 66. Kg3
Qd3+ $2 (66... g6 $19 {...h5 is the strong threat.} 67. h5 gxh5 68. Qxh5+ Ke7
69. Qe5+ Kd7 70. Qf5+ Kc7 71. Qe5+ Kc6 72. Qe8+ Kb7) 67. Kf4 $2 (67. Kf2 $1 $11
) 67... Kg8 $2 (67... g6 $19 {And now ...Qc4+ would win.} 68. h5 gxh5 69. Qxh5+
Ke7 70. Qe5+ Kd7) 68. h5 (68. Qe8+ $1 $11 Kh7 69. h5) 68... Qc4+ (68... Qd7 $17
) 69. Kg3 (69. Ke3 $1 $11 {keeps the balance.}) 69... Qc6 $17 70. Qb8+ Kh7 $1
71. Qe5 (71. Kh2 $142) 71... Qd7 ({Better is} 71... g6 $1 $17 72. Qe7+ Kg8 73.
hxg6 Qxg6+ 74. Kh4 Qf5 75. Qe8+ Kg7) 72. Qe4+ $15 Kg8 73. c4 Qd6+ 74. Kh3 $2 (
74. Kg2 $17 {keeps fighting.}) 74... Qxa3+ $19 75. Kg4 Qc5 $1 {[%cal Rc5c4]}
76. Qe8+ $2 (76. Qa8+ {was forced.} Kf7 77. Qb7+ Ke6 78. Qa6+ Ke7 79. cxb5)
76... Qf8 77. Qxb5 {[#]} (77. Qe6+ $19 Kh8 78. cxb5 Qb4+ {[%mdl 64] Double
Attack} 79. Kf3 Qb3+ 80. Qe3 (80. Qxb3 {gets mated.} axb3 81. Ke4 b2 82. Kd5 g5
83. Kc6 g4 84. b6 b1=Q 85. b7 g3 86. Kc7 Qc1+ 87. Kd8 Qf4 88. Kc8 Qf8+ 89. Kc7
Qc5+ 90. Kd7 Qb6 91. b8=Q+ Qxb8 92. Ke6 g2 93. Kf6 g1=Q 94. Kf5 Qg5+ 95. Ke4
Qb3 96. Kd4 Qge3#) 80... Qxb5 81. Qe4) 77... Qa8 $1 {Black mates.} 78. c5 {[#]}
a3 $1 {[%cal Ba4a3,Ba3a2][%mdl 32]} 79. c6 a2 80. Qd5+ Kh8 81. c7 Qxd5 {
Weighted Error Value: White=0.17/Black=0.11} 0-1